00457nam a2200181Ia 4500003000900000008004100009020001800050040001600068080001200084100001800096245004400114260002900158300000900187650001900196650001700215650002100232650002200253IN-BaIIA211028s9999 xx 000 0 eng d a0-09-117101-6 cIIA Library a50bEDW aEdwards, R. A 0aOf measures and meaningscR. A. Edwards aLondonbHutchinsonc1973 a88p. a Measurements a Measures  aNASA thesaurus  aScience general